Navā karāra, (Record no. 54681)

MARC details
000 -LEADER
fixed length control field 00676cam a22002411 4500
001 - CONTROL NUMBER
control field sa 63002807
003 - CONTROL NUMBER IDENTIFIER
control field DLC
005 - DATE AND TIME OF LATEST TRANSACTION
control field 20260227111936.0
008 - FIXED-LENGTH DATA ELEMENTS--GENERAL INFORMATION
fixed length control field 940808s1962 ii 000 1 maro
010 ## - LIBRARY OF CONGRESS CONTROL NUMBER
LC control number sa 63002807
025 ## - OVERSEAS ACQUISITION NUMBER
Overseas acquisition number I-Mar-257
035 ## - SYSTEM CONTROL NUMBER
System control number (OCoLC)30903630
040 ## - CATALOGING SOURCE
Original cataloging agency DLC
Transcribing agency CU
Modifying agency CU
-- NSyU
-- DLC
042 ## - AUTHENTICATION CODE
Authentication code premarc
050 00 - LIBRARY OF CONGRESS CALL NUMBER
Classification number PK2418.K25
Item number N35
100 1# - MAIN ENTRY--PERSONAL NAME
Personal name Kākoḍakāra, Candrakānta,
Dates associated with a name 1921-
245 10 - TITLE STATEMENT
Title Navā karāra,
Statement of responsibility, etc. lekhaka Candrakānta Kākoḍakara.
260 ## - PUBLICATION, DISTRIBUTION, ETC.
Place of publication, distribution, etc. Mumbaī,
Name of publisher, distributor, etc. Mahārāsht̥ra Grantha Bhan̥ḍāra,
Date of publication, distribution, etc. [1962]
300 ## - PHYSICAL DESCRIPTION
Extent 119 p.
Dimensions 17 cm.
490 0# - SERIES STATEMENT
Series statement Akshara Sāhitya,
Volume/sequential designation 37
500 ## - GENERAL NOTE
General note In Marathi.
500 ## - GENERAL NOTE
General note A novel.

No items available.

Powered by Koha